Dr. B.R. Ambedkar on casteism, dalits and untouchability : (Record no. 104891)

MARC details
000 -LEADER
fixed length control field 00635nam a22001937a 4500
005 - DATE AND TIME OF LATEST TRANSACTION
control field 20161130170048.0
010 ## - LCCN (DPL NO)
LC control number ENG-116721
020 ## - INTERNATIONAL STANDARD BOOK NUMBER
International Standard Book Number 9788184845167
Terms of availability 850.00
035 ## - SYSTEM CONTROL NUMBER
System control number EN-100253
037 ## - SOURCE OF ACQUISITION
Source of stock number/acquisition DBAD/PUB
082 ## - DEWEY DECIMAL CLASSIFICATION NUMBER
Classification number 305.51220954
245 ## - TITLE STATEMENT
Title Dr. B.R. Ambedkar on casteism, dalits and untouchability :
Statement of responsibility, etc edited by Binod Prasad
Remainder of title focus on present day scenario /
260 ## - PUBLICATION, DISTRIBUTION, ETC. (IMPRINT)
Place of publication, distribution, etc New Delhi
Name of publisher, distributor, etc Regal Publications
Date of publication, distribution, etc 2016
270 ## - ADDRESS
Address F-159, Rajouri Garden
City New Delhi
Postal code 110027
300 ## - PHYSICAL DESCRIPTION
Extent xii,186p.
Dimensions 23cm(Hb)
500 ## - GENERAL NOTE
General note Includes index
700 ## - ADDED ENTRY--PERSONAL NAME
Personal name Binod Prasad
942 ## - ADDED ENTRY ELEMENTS (KOHA)
Source of classification or shelving scheme Dewey Decimal Classification
Item type English Books
Classification part 305.51220954
Call number suffix AMB
Holdings
Withdrawn status Lost status Not for loan Collection code Home library Current library Date acquired Source of acquisition Cost, normal purchase price Full call number Barcode Copy number Cost, replacement price Koha item type
    Not For Loan Non-fiction D.B.Act.Division Bawana 30/11/2016 DBAD/PUB 850.00 305.51220954 AMB EN-100253 1 850.00 English Books

© Delhi Public Library
Hit Counter
free hit counter